<?xml version="1.0" encoding="UTF-8"?>
<marc:record xmlns:marc="http://www.loc.gov/MARC21/slim">
   <marc:leader>00000nam a2200000 a 4500</marc:leader>
   <marc:datafield ind1="0" ind2="0" tag="245">
      <marc:subfield code="a">ORF nachlese 25 / 08</marc:subfield>
   </marc:datafield>
   <marc:datafield ind1=" " ind2="1" tag="264">
      <marc:subfield code="a">Wien</marc:subfield>
      <marc:subfield code="b">ORF Marketing</marc:subfield>
      <marc:subfield code="c">25</marc:subfield>
   </marc:datafield>
   <marc:datafield ind1="1" ind2=" " tag="490">
      <marc:subfield code="a">-</marc:subfield>
   </marc:datafield>
   <marc:datafield ind1="1" ind2=" " tag="520">
      <marc:subfield code="a">Kostbare Schätze aus der Natur - sammeln, verarbeiten, heilen ;  Waldapotheke - Männergesundheit - Wildgräuter - Retropflanzen - Kamille &amp; Co - Schmerzstiller - Cholesterinsenker - Unterstützendes für die Psychge ; &#xD;
Urlaub mit Haustieren ; &#xD;
Song Contest 2026 - die Vorbereitungen starten ; &#xD;
Vitamine &amp; Co - kleine Helfer, große Wirkung ; &#xD;
Melissa Naschenweng - Sommer der Starnächte ; &#xD;
Gelsenkerzen selbst gemacht ; &#xD;
Bergungskosten - richtig versichert ; &#xD;
Knödelrezepte - pikant und süß ; &#xD;
Peter Schneeberger ; Kultur in der Mozartstadt Salzburg ; &#xD;
Beilagen: Reha bei Stoffwechsel- und Atemwegserkrankungen ... &#xD;
Weltnachrichten ; &#xD;
uvm.</marc:subfield>
   </marc:datafield>
   <marc:datafield ind1=" " ind2=" " tag="041">
      <marc:subfield code="a">ger</marc:subfield>
   </marc:datafield>
   <marc:datafield ind1=" " ind2=" " tag="338">
      <marc:subfield code="a">Band</marc:subfield>
   </marc:datafield>
</marc:record>
